Privatizacija i innostrannyje investicii.
Privatizácia ako nevyhnutný predpoklad rozvoja trhového hospodárstva. Rozbor bariér systémového charakteru stojacich pred privatizáciou v špecifických podmienkach krajín bývalého ZSSR. Nevyhnutnosť využitia zahraničného kapitálu pri vytváraní súkromného sektora. V súčasnej dobe sa vytvára nový model...
Salvato in:
| Autore principale: | |
|---|---|
| Natura: | Capitolo di libro |
| Lingua: | russo |
| Soggetti: | |
| Tags: |
Nessun Tag, puoi essere il primo ad aggiungerne!!
|
MARC
| LEADER | 00000naa a2200000 4500 | ||
|---|---|---|---|
| 001 | r010403 | ||
| 005 | 20221130113232.8 | ||
| 041 | 0 | |a rus | |
| 044 | |a [SU] | ||
| 245 | 1 | 0 | |a Privatizacija i innostrannyje investicii. |c I. Paškova |
| 520 | |a Privatizácia ako nevyhnutný predpoklad rozvoja trhového hospodárstva. Rozbor bariér systémového charakteru stojacich pred privatizáciou v špecifických podmienkach krajín bývalého ZSSR. Nevyhnutnosť využitia zahraničného kapitálu pri vytváraní súkromného sektora. V súčasnej dobe sa vytvára nový model spoločného medzinárodného podnikania v bývalých krajinách RVHP. Charakteristika predpokladov pritiahnutia zahraničného kapitálu do procesu transformácie. | ||
| 610 | 2 | 0 | |a privatizácia |
| 610 | 2 | 0 | |a investície zahraničné |
| 610 | 2 | 0 | |a hospodárstvo trhové |
| 610 | 2 | 0 | |a ZSSR |
| 610 | 2 | 0 | |a kapitál zahraničný |
| 610 | 2 | 0 | |a sektor súkromný |
| 610 | 2 | 0 | |a podnik spoločný |
| 610 | 2 | 0 | |a podnikanie |
| 610 | 2 | 0 | |a východná Európa |
| 610 | 2 | 0 | |a transformácia |
| 100 | 1 | |a Paškova, I. | |